[Event "Rohde op 08th"]
[Site "Sautron"]
[Date "2008.10.29"]
[Round "6"]
[White "Careil, Maxime"]
[Black "Fernandez, Pascal"]
[Result "1/2-1/2"]
[WhiteElo "1910"]
[BlackElo "1588"]
[PlyCount "88"]
[EventDate "2008.10.25"]
[EventType "swiss"]
[EventRounds "9"]
[EventCountry "FRA"]
[SourceTitle "EXT 2009"]
[Source "ChessBase"]
[SourceDate "2008.11.26"]
[SourceVersion "1"]
[SourceVersionDate "2008.11.26"]
[SourceQuality "1"]

1. e4 a6 2. Nc3 b5 3. a3 Bb7 4. d4 e6 5. Nf3 c5 6. d5 exd5 7. exd5 Nf6 8. Bg5 d6 9. Bd3 Be7 10. 0-0 0-0 11. Bf4 Nbd7 12. Re1 Nb6 13. Be4 Nh5 14. Bg3 f5 15. Bd3 Nxg3 16. hxg3 Nxd5 17. Nxd5 Bxd5 18. Bxb5 Bxf3 19. Bc4+ Kh8 20. Qxf3 Bf6 21. Rab1 Rb8 22. b3 a5 23. a4 Be5 24. Rbd1 Qf6 25. Qd5 Rbd8 26. Kf1 f4 27. g4 Qh4 28. Qf3 Rde8 29. Bb5 Re7 30. Kg1 Re6 31. Rd3 Rh6 32. Kf1 Re6 33. Re4 Qh1+ 34. Ke2 Qc1 35. c4 Bc3 36. Rxc3 Rxe4+ 37. Qxe4 Qxc3 38. Qe7 Qe5+ 39. Qxe5 dxe5 40. Kf3 Rd8 41. Ke4 Rd2 42. f3 Rxg2 43. Kxe5 Rb2 44. Kxf4 Rxb3 1/2-1/2